Statistics for Two Biggest Cities by Country #2

Click here to take the quiz!

General Stats

  • This quiz has been taken 417 times
  • The average score is 27 of 30

Answer Stats

Country#Cities% Correct
Germany1Berlin
100%
India2Delhi
100%
Australia1Sydney
99%
Greece1Athens
98%
Argentina1Buenos Aires
98%
Turkey1Istanbul
98%
India1Mumbai
98%
Poland1Warsaw
98%
Netherlands1Amsterdam
97%
Israel1Jerusalem
97%
Australia2Melbourne
97%
Sweden1Stockholm
97%
Turkey2Ankara
96%
United Arab Emirates1Dubai
95%
Iran1Tehran
95%
Germany2Hamburg
94%
Vietnam2Hanoi
94%
Israel2Tel Aviv
94%
United Arab Emirates2Abu Dhabi
93%
Vietnam1Ho Chi Minh City
91%
Netherlands2Rotterdam
91%
Morocco1Casablanca
89%
Poland2Kraków
86%
Pakistan1Karachi
85%
Pakistan2Lahore
78%
Sweden2Gothenburg
73%
Greece2Thessaloniki
71%
Morocco2Fez
66%
Argentina2Córdoba
52%
Iran2Mashhad
34%

Score Distribution

Percentile by Number Answered

Percent of People with Each Score

Your Score History

You have not taken this quiz